[Event "XXXIV Moglianoscacchi A"]
[Site "Mogliano Veneto ITA"]
[Date "2013.04.25"]
[Round "2"]
[White "Cardarelli, Angelo"]
[Black "Basso, Pier Luigi"]
[WhiteElo "1957"]
[BlackElo "2222"]
[Result "0-1"]
[PlyCount "50"]
[EventDate "2013.04.25"]

1. e4 c5 2. Nf3 a6 3. d4 cxd4 4. Nxd4 Nf6 5. Nc3 e5 6. Nb3 Bb4 7. Bd3 d5 8.
exd5 Nxd5 9. Bd2 Bxc3 10. bxc3 O-O 11. O-O Nc6 12. Re1 Qf6 13. Nc5 Nf4 14. Qf3
Nh3+ 15. Kf1 Qxf3 16. gxf3 Nf4 17. Rab1 Nxd3 18. cxd3 Rd8 19. a4 Rb8 20. Rb6
Bf5 21. Re3 Rd5 22. Ne4 Bh3+ 23. Ke2 f5 24. f4 Bg4+ 25. f3 exf4 0-1

[Event "XXXIV Moglianoscacchi A"]
[Site "Mogliano Veneto ITA"]
[Date "2013.04.25"]
[Round "2"]
[White "Coratella, Giuseppe"]
[Black "Balzano, Filli"]
[WhiteElo "2230"]
[BlackElo "1944"]
[Result "1/2-1/2"]
[PlyCount "33"]
[EventDate "2013.04.25"]

1. e4 c6 2. Nc3 d5 3. Nf3 dxe4 4. Nxe4 Bg4 5. Bc4 e6 6. h3 Bh5 7. g4 Bg6 8. Ng3
Nf6 9. d3 Bd6 10. Qe2 Qc7 11. Ne4 Nxe4 12. dxe4 Nd7 13. Bd2 O-O-O 14. Bc3 Ne5
15. O-O-O Nxf3 16. Qxf3 Be5 17. Bxe5 1/2-1/2

[Event "XXXIV Moglianoscacchi A"]
[Site "Mogliano Veneto ITA"]
[Date "2013.04.25"]
[Round "2"]
[White "Della Sala, Bruno"]
[Black "Zamengo, Fulvio"]
[WhiteElo "1928"]
[BlackElo "2099"]
[Result "0-1"]
[PlyCount "80"]
[EventDate "2013.04.25"]

1. d4 Nf6 2. Nf3 c5 3. d5 g6 4. Nc3 d6 5. e4 Bg7 6. Be2 Na6 7. Be3 O-O 8. Qd2
Nc7 9. Bh6 b5 10. Bxg7 Kxg7 11. Nxb5 Nxb5 12. Bxb5 Nxe4 13. Qe2 Qa5+ 14. Kf1
Nf6 15. c4 e6 16. dxe6 Bxe6 17. Ng5 Qb6 18. b3 a6 19. Ba4 d5 20. Nxe6+ fxe6 21.
f3 d4 22. Re1 Kf7 23. g3 Ra7 24. Kg2 Re7 25. Qe5 Kg8 26. Re2 Nh5 27. Qe4 Ng7
28. g4 Ref7 29. Rf1 Rf4 30. Qc6 Qd8 31. Qxc5 Qh4 32. Rff2 h5 33. h3 hxg4 34.
hxg4 Nf5 35. gxf5 R4xf5 36. Qxf8+ Kxf8 37. Re4 Rg5+ 38. Kf1 Qh1+ 39. Ke2 Qa1
40. Rxe6 Rg1 0-1

[Event "XXXIV Moglianoscacchi A"]
[Site "Mogliano Veneto ITA"]
[Date "2013.04.25"]
[Round "2"]
[White "Dorigo, Tommaso"]
[Black "Capaliku, Aleks"]
[WhiteElo "1982"]
[BlackElo "2157"]
[Result "0-1"]
[PlyCount "69"]
[EventDate "2013.04.25"]

1. e4 e5 2. Nf3 Nc6 3. d4 exd4 4. Nxd4 Bc5 5. Nb3 Bb6 6. a4 a6 7. Nc3 Nf6 8.
Be2 h6 9. Bf4 d6 10. Qd3 Qe7 11. O-O-O Bxf2 12. Rhf1 Bh4 13. Kb1 Be6 14. Nd2
Nd7 15. Nc4 Bf6 16. Ne3 Nc5 17. Qd2 Bxc3 18. Qxc3 Nxe4 19. Qd3 g5 20. Bg3 O-O-O
21. Be1 d5 22. Bf3 Rhe8 23. Bh5 Nb4 24. Bxb4 Qxb4 25. Bxf7 Bxf7 26. Rxf7 c6 27.
c3 Qxa4 28. Nc2 Nd6 29. Qh3+ Kb8 30. Rd7 Nc4 31. Rxd8+ Rxd8 32. Qg3+ Ka8 33.
Qf2 Qb3 34. Ne3 Nxe3 35. Re1 0-1

[Event "XXXIV Moglianoscacchi A"]
[Site "Mogliano Veneto ITA"]
[Date "2013.04.25"]
[Round "2"]
[White "Roberti, Ignazio"]
[Black "Lodici, Lorenzo"]
[WhiteElo "1902"]
[BlackElo "2051"]
[Result "0-1"]
[PlyCount "64"]
[EventDate "2013.04.25"]

1. Nf3 d5 2. c4 d4 3. e3 Nc6 4. d3 e5 5. Be2 Nf6 6. a3 a5 7. b3 Bc5 8. exd4
Bxd4 9. Nxd4 Nxd4 10. Bb2 O-O 11. O-O Bf5 12. Bxd4 Qxd4 13. Nd2 Rad8 14. Nf3
Qd6 15. Re1 Rfe8 16. Ra2 Qc5 17. Qb1 Nh5 18. b4 axb4 19. axb4 Qd6 20. g3 Nf6
21. Rd2 Bg4 22. Ng5 Bf5 23. Nf3 h6 24. Nh4 Bh7 25. Nf3 g5 26. h3 Qe6 27. Kg2 e4
28. dxe4 Bxe4 29. Rd3 Rxd3 30. Bxd3 Bxf3+ 31. Kxf3 Qxe1 32. Qb2 Qh1# 0-1

[Event "XXXIV Moglianoscacchi A"]
[Site "Mogliano Veneto ITA"]
[Date "2013.04.25"]
[Round "2"]
[White "Santolini, Luigi"]
[Black "Brunelli, Giovanni"]
[WhiteElo "2142"]
[BlackElo "1968"]
[Result "0-1"]
[PlyCount "144"]
[EventDate "2013.04.25"]

1. e4 e6 2. d4 d5 3. exd5 exd5 4. Nf3 Nf6 5. c4 Be7 6. Nc3 O-O 7. cxd5 Nxd5 8.
Bd3 Be6 9. O-O c6 10. Re1 Nd7 11. a3 N7f6 12. Qc2 h6 13. Ne5 Re8 14. h3 Qb6 15.
Nf3 Bd6 16. Na4 Qc7 17. Nc5 Bd7 18. Bd2 Nf4 19. Nxd7 Qxd7 20. Bf5 Qc7 21. b4
Qb6 22. Bc3 Qb5 23. Ne5 N4d5 24. Qb3 Rad8 25. Bb2 a5 26. Bd3 Qb6 27. Nc4 Qc7
28. Nxa5 Qd7 29. Nc4 Nf4 30. Bf1 Bc7 31. Ne5 Bxe5 32. dxe5 N6d5 33. Kh2 Qf5 34.
Qf3 Qg5 35. Re4 Ng6 36. Rae1 Re6 37. g3 Rde8 38. Qe2 f5 39. f4 Ngxf4 40. gxf4
Nxf4 41. Rxf4 Qxf4+ 42. Kh1 Kh8 43. Bg2 Rd8 44. Rf1 Qd2 45. Qc4 Rg6 46. Rg1
Qxb2 47. Qf7 Rxg2 48. Rxg2 Qxe5 49. Qh5 Qe1+ 50. Kh2 Qe5+ 51. Kh1 Rf8 52. Qf3
Qf6 53. Rd2 Re8 54. Rd1 Qe5 55. Kg2 Qe2+ 56. Qxe2 Rxe2+ 57. Kf3 Re7 58. Kf4 g6
59. Rd6 Kg7 60. Rd8 Re4+ 61. Kf3 Kf6 62. Rf8+ Kg5 63. Rf7 b5 64. Rd7 Rc4 65.
Rd3 h5 66. Kg3 f4+ 67. Kf3 Kh4 68. Kg2 g5 69. Rd2 Rc3 70. a4 bxa4 71. Ra2 f3+
72. Kf2 g4 0-1

[Event "XXXIV Moglianoscacchi A"]
[Site "Mogliano Veneto ITA"]
[Date "2013.04.25"]
[Round "2"]
[White "Simonetto, Adriano"]
[Black "Klundt, Klaus"]
[WhiteElo "2019"]
[BlackElo "2351"]
[Result "0-1"]
[PlyCount "40"]
[EventDate "2013.04.25"]

1. d4 Nf6 2. c4 g6 3. Nc3 Bg7 4. g3 O-O 5. Nf3 d6 6. Bg2 Nc6 7. O-O a6 8. e4
Bg4 9. h3 Bxf3 10. Bxf3 Nd7 11. Be3 e5 12. d5 Nd4 13. Bg2 c5 14. Qd2 Rb8 15.
Rab1 b5 16. cxb5 axb5 17. b4 cxb4 18. Rxb4 Qa5 19. Rfb1 Rfc8 20. Qb2 Rxc3 0-1

[Event "XXXIV Moglianoscacchi A"]
[Site "Mogliano Veneto ITA"]
[Date "2013.04.25"]
[Round "2"]
[White "Solomon, Kenny"]
[Black "Boscolo, Marco"]
[WhiteElo "2406"]
[BlackElo "2145"]
[Result "1/2-1/2"]
[PlyCount "90"]
[EventDate "2013.04.25"]

1. Nf3 c5 2. c4 Nc6 3. Nc3 e5 4. g3 g6 5. Bg2 Bg7 6. O-O Nge7 7. a3 a5 8. Ne1
O-O 9. Nc2 d6 10. Rb1 Be6 11. Ne3 Rb8 12. Ned5 f5 13. d3 h6 14. Bd2 Bf7 15. b4
axb4 16. axb4 Nxd5 17. Nxd5 b6 18. bxc5 bxc5 19. Qa4 Nd4 20. e3 Ne6 21. Qa7 Kh8
22. Ba5 Qe8 23. Nc7 Nxc7 24. Bxc7 Rxb1 25. Rxb1 Qd7 26. Rb7 e4 27. d4 cxd4 28.
Bb6 Qe6 29. Bxd4 Qxc4 30. Bf1 Qd5 31. Bxg7+ Kxg7 32. Rb5 Qe6 33. Rb7 Qd5 34.
Rc7 Qe5 35. Bc4 Qf6 36. Kg2 Kg8 37. Be2 g5 38. Qa4 Qe5 39. Qd7 Qe6 40. Qc6 Qd5
41. Qc3 Qe5 42. Qxe5 dxe5 43. Bb5 Be8 44. Be2 Bg6 45. Bc4+ Bf7 1/2-1/2

[Event "XXXIV Moglianoscacchi A"]
[Site "Mogliano Veneto ITA"]
[Date "2013.04.25"]
[Round "2"]
[White "Sorbera, Giovanni"]
[Black "Garonzi, Martino"]
[WhiteElo "2168"]
[BlackElo "2011"]
[Result "1-0"]
[PlyCount "93"]
[EventDate "2013.04.25"]

1. e4 c5 2. Nf3 Nc6 3. Bb5 d6 4. Nc3 Bd7 5. b3 Nf6 6. Bb2 e6 7. Qe2 Be7 8. e5
Nxe5 9. Nxe5 dxe5 10. Qxe5 a6 11. Bxd7+ Qxd7 12. O-O-O O-O 13. h4 Qd6 14. Qe2
Rfe8 15. h5 h6 16. g4 Qf4 17. f3 Nd5 18. Kb1 Nxc3+ 19. dxc3 Rad8 20. Bc1 Qc7
21. f4 Rxd1 22. Rxd1 Rd8 23. Rg1 c4 24. b4 a5 25. a3 axb4 26. axb4 Ra8 27. Qe3
b5 28. Bb2 Bd6 29. Qe4 Rd8 30. Bc1 Qa7 31. Rd1 Ra8 32. Bb2 Bf8 33. Qc6 Qa6 34.
Qxa6 Rxa6 35. Rd8 Rb6 36. Bc1 f6 37. Be3 Rd6 38. Rb8 Rd1+ 39. Kb2 Kf7 40. Rxb5
Re1 41. Bc5 Bxc5 42. Rxc5 e5 43. fxe5 fxe5 44. b5 Rd1 45. Rxe5 Rd6 46. Rc5 Rb6
47. Ka3 1-0

[Event "XXXIV Moglianoscacchi A"]
[Site "Mogliano Veneto ITA"]
[Date "2013.04.25"]
[Round "2"]
[White "Vianello, Enrico"]
[Black "Barp, Alberto"]
[WhiteElo "2146"]
[BlackElo "1911"]
[Result "1-0"]
[PlyCount "73"]
[EventDate "2013.04.25"]

1. Nf3 d5 2. d4 Nf6 3. c4 c6 4. e3 a6 5. b3 Bf5 6. Nbd2 e6 7. Nh4 Bd6 8. Nxf5
exf5 9. cxd5 cxd5 10. Bd3 g6 11. Nf3 Nbd7 12. O-O O-O 13. b4 b5 14. a4 Qb6 15.
Qb3 Qb7 16. axb5 axb5 17. Ra5 Rxa5 18. bxa5 Ra8 19. Bd2 b4 20. Ra1 Nb8 21. Ne5
Ne4 22. Be1 Bxe5 23. dxe5 Nc5 24. Qc2 Nxd3 25. Qxd3 Nd7 26. Qd4 b3 27. Bc3 Qa7
28. Qxd5 Rc8 29. Bd4 Qc7 30. h3 Qc6 31. Qxb3 Rb8 32. Qa4 Qd5 33. Qa2 Qe4 34. f3
Qc6 35. a6 f4 36. a7 Ra8 37. exf4 1-0

[Event "XXXIV Moglianoscacchi A"]
[Site "Mogliano Veneto ITA"]
[Date "2013.04.25"]
[Round "2"]
[White "Xia, Jie"]
[Black "Danieli, Enrico"]
[WhiteElo "2275"]
[BlackElo "2129"]
[Result "1-0"]
[PlyCount "89"]
[EventDate "2013.04.25"]

1. e4 c6 2. d3 e5 3. Nf3 d6 4. Be2 g6 5. O-O Bg7 6. c3 Nf6 7. Nbd2 O-O 8. d4
Nbd7 9. Qc2 Nh5 10. Nc4 Qc7 11. a4 Nb6 12. h3 Nxc4 13. Bxc4 d5 14. Ba2 exd4 15.
Nxd4 dxe4 16. Qxe4 Bd7 17. Be3 Rae8 18. Qf3 a6 19. Nb3 Re6 20. a5 Rf6 21. Qd1
Qc8 22. Bd4 Bxh3 23. Bxf6 Bxg2 24. Kxg2 Nf4+ 25. Kg3 Nh5+ 26. Kg2 Nf4+ 27. Kg3
Nh5+ 28. Kh2 Bxf6 29. Qf3 Be5+ 30. Kg1 Nf4 31. Nd4 Qd8 32. Rfe1 Qg5+ 33. Kf1 c5
34. Ne2 Nh5 35. Rad1 Nf6 36. Ng3 Ng4 37. Kg2 h5 38. Rd5 h4 39. Rdxe5 Nxe5 40.
Qe3 Qxe3 41. Rxe3 Ng4 42. Re4 h3+ 43. Kg1 h2+ 44. Kg2 Nf6 45. Rf4 1-0

[Event "XXXIV Moglianoscacchi A"]
[Site "Mogliano Veneto ITA"]
[Date "2013.04.26"]
[Round "3"]
[White "Basso, Pier Luigi"]
[Black "Boraso, Alessio"]
[WhiteElo "2222"]
[BlackElo "2085"]
[Result "1-0"]
[PlyCount "41"]
[EventDate "2013.04.25"]

1. f4 d5 2. Nf3 g6 3. g3 Bg7 4. Bg2 Nf6 5. O-O O-O 6. h3 Nfd7 7. Nc3 c6 8. d3
e5 9. Kh2 exf4 10. Bxf4 Nc5 11. Qe1 Ne6 12. Bd2 Na6 13. e4 dxe4 14. Nxe4 Nac5
15. Nxc5 Nxc5 16. Bb4 Re8 17. Qf2 Ne6 18. Bc3 Qb6 19. Qd2 Nd4 20. Nxd4 Bxd4 21.
Qf4 1-0

[Event "XXXIV Moglianoscacchi A"]
[Site "Mogliano Veneto ITA"]
[Date "2013.04.26"]
[Round "3"]
[White "Boscolo, Marco"]
[Black "Vianello, Enrico"]
[WhiteElo "2145"]
[BlackElo "2146"]
[Result "1/2-1/2"]
[PlyCount "38"]
[EventDate "2013.04.25"]

1. d4 d5 2. c4 Nc6 3. Nc3 Nf6 4. Bf4 Bf5 5. Rc1 e6 6. e3 Bd6 7. Bxd6 Qxd6 8.
Nf3 O-O 9. Be2 Rad8 10. cxd5 exd5 11. O-O Ne4 12. a3 Rfe8 13. Bb5 Bd7 14. Bxc6
Bxc6 15. Ne5 Bd7 16. Nxe4 dxe4 17. Nxd7 Rxd7 18. Qa4 a6 19. b4 Re6 1/2-1/2

[Event "XXXIV Moglianoscacchi A"]
[Site "Mogliano Veneto ITA"]
[Date "2013.04.26"]
[Round "3"]
[White "Capaliku, Aleks"]
[Black "Brunelli, Giovanni"]
[WhiteElo "2157"]
[BlackElo "1968"]
[Result "1-0"]
[PlyCount "75"]
[EventDate "2013.04.25"]

1. d4 f5 2. g3 Nf6 3. Bg2 g6 4. c4 Bg7 5. Nc3 O-O 6. Nh3 d6 7. O-O e5 8. dxe5
dxe5 9. e4 fxe4 10. Ng5 Qxd1 11. Rxd1 Bg4 12. Re1 Nc6 13. h3 Bf3 14. Be3 Nd4
15. Bxd4 exd4 16. Ncxe4 Nxe4 17. Nxe4 Bxg2 18. Kxg2 Rfe8 19. Nc5 b6 20. Nd3 Kf7
21. b3 Rxe1 22. Rxe1 Re8 23. Rxe8 Kxe8 24. Kf3 Kd7 25. Ke4 Kd6 26. f4 c5 27. g4
Ke6 28. f5+ gxf5+ 29. gxf5+ Kf6 30. b4 Bf8 31. bxc5 bxc5 32. a4 Kg5 33. Nf4 Bd6
34. Ne6+ Kh4 35. f6 Kxh3 36. Ng5+ Kg2 37. Nxh7 Kf2 38. Kd3 1-0

[Event "XXXIV Moglianoscacchi A"]
[Site "Mogliano Veneto ITA"]
[Date "2013.04.26"]
[Round "3"]
[White "Ceschia, Ivano"]
[Black "Garonzi, Martino"]
[WhiteElo "2272"]
[BlackElo "2011"]
[Result "0-1"]
[PlyCount "56"]
[EventDate "2013.04.25"]

1. e4 c5 2. Nf3 d6 3. d4 cxd4 4. Qxd4 Nc6 5. Bb5 Bd7 6. Bxc6 Bxc6 7. Nc3 e5 8.
Qd3 Nf6 9. Bg5 h6 10. Bxf6 Qxf6 11. Nd5 Qd8 12. O-O-O Rc8 13. Kb1 Be7 14. Rhe1
Bxd5 15. Qxd5 Rc6 16. Re2 O-O 17. Ne1 Qc7 18. Nd3 a5 19. b3 Rc3 20. Nb2 Rc5 21.
Qd3 b5 22. c4 Rc8 23. a4 bxc4 24. Nxc4 Rb8 25. Ka2 Qb7 26. Rc2 Qb4 27. Ne3 d5
28. Nxd5 Rxd5 0-1

[Event "XXXIV Moglianoscacchi A"]
[Site "Mogliano Veneto ITA"]
[Date "2013.04.26"]
[Round "3"]
[White "Danieli, Enrico"]
[Black "Cardarelli, Angelo"]
[WhiteElo "2129"]
[BlackElo "1957"]
[Result "0-1"]
[PlyCount "82"]
[EventDate "2013.04.25"]

1. d4 Nf6 2. Nc3 d5 3. e4 e6 4. Bg5 dxe4 5. Nxe4 Be7 6. Bxf6 Bxf6 7. Nxf6+ Qxf6
8. Nf3 O-O 9. Qd2 b6 10. O-O-O Bb7 11. Qe3 Nd7 12. Bd3 Bxf3 13. gxf3 c5 14. Be4
Rad8 15. d5 Ne5 16. c3 exd5 17. Bxd5 c4 18. Kb1 Rfe8 19. Rhe1 g6 20. f4 Nd3 21.
Qxe8+ Rxe8 22. Rxe8+ Kg7 23. Bxc4 Qc6 24. Rd8 Nxb2 25. Kxb2 Qxc4 26. R8d4 Qe2+
27. R1d2 Qf3 28. a4 h5 29. a5 bxa5 30. h4 Qg4 31. c4 Qf5 32. Re2 Qc5 33. Ree4
Qb4+ 34. Kc2 a4 35. Re3 a3 36. Rb3 Qa4 37. Rd1 Qxc4+ 38. Rc3 Qa2+ 39. Kd3 Qxf2
40. Rd2 Qxf4 41. Rxa3 Qf3+ 0-1

[Event "XXXIV Moglianoscacchi A"]
[Site "Mogliano Veneto ITA"]
[Date "2013.04.26"]
[Round "3"]
[White "Della Sala, Bruno"]
[Black "Simonetto, Adriano"]
[WhiteElo "1928"]
[BlackElo "2019"]
[Result "1/2-1/2"]
[PlyCount "96"]
[EventDate "2013.04.25"]

1. e4 e5 2. Nc3 Nf6 3. Nf3 Nc6 4. Bb5 Bc5 5. O-O d6 6. d3 O-O 7. Bg5 Bg4 8.
Bxc6 bxc6 9. Na4 Bb6 10. h3 Be6 11. c3 h6 12. Nxb6 axb6 13. Bxf6 Qxf6 14. Qc2
Bxh3 15. Nxe5 Bxg2 16. Kxg2 dxe5 17. Qd2 Qe6 18. f4 Qg4+ 19. Kh2 exf4 20. Rxf4
Qh5+ 21. Kg2 Ra5 22. Rf3 Rg5+ 23. Rg3 Rxg3+ 24. Kxg3 f5 25. Rf1 Qg4+ 26. Kh2
Qh4+ 27. Kg2 f4 28. Rf3 Rf6 29. Rh3 Rg6+ 30. Kh2 Qg4 31. Qf2 Rg5 32. Rh4 Rh5
33. Rxh5 Qxh5+ 34. Kg2 Qg4+ 35. Kh2 c5 36. d4 cxd4 37. Qxd4 Qe2+ 38. Kh3 f3 39.
Qd5+ Kh8 40. Qf5 Qg2+ 41. Kh4 f2 42. Qf8+ Kh7 43. Qf5+ Kg8 44. Qc8+ Kf7 45.
Qd7+ Kf6 46. Qf5+ Ke7 47. Qe5+ Kd7 48. Qd5+ Kc8 1/2-1/2

[Event "XXXIV Moglianoscacchi A"]
[Site "Mogliano Veneto ITA"]
[Date "2013.04.26"]
[Round "3"]
[White "Klundt, Klaus"]
[Black "Solomon, Kenny"]
[WhiteElo "2351"]
[BlackElo "2406"]
[Result "0-1"]
[PlyCount "172"]
[EventDate "2013.04.25"]

1. e4 e5 2. Nf3 Nc6 3. Bb5 a6 4. Ba4 Nf6 5. O-O Be7 6. Re1 b5 7. Bb3 d6 8. c3
O-O 9. d4 Bg4 10. d5 Na5 11. Bc2 Qc8 12. Nbd2 c6 13. dxc6 Qxc6 14. h3 Bd7 15.
Nf1 Nc4 16. Ng3 Rfe8 17. a4 Nb6 18. axb5 axb5 19. Rxa8 Rxa8 20. Qe2 Na4 21. Nh4
g6 22. Nf3 Rc8 23. Ng5 Nc5 24. Be3 Ra8 25. f4 Ra2 26. Bb1 Ra1 27. Bc2 Ra2 28.
Bb1 Ra6 29. Qf2 Qc7 30. Bc2 Be8 31. Rf1 Ra2 32. Bb1 Ra1 33. Bc2 Rxf1+ 34. Qxf1
Na4 35. Qc1 Nb6 36. Qf1 Nc4 37. Bc1 Qc5+ 38. Qf2 exf4 39. Bxf4 Qxf2+ 40. Kxf2
Nxb2 41. Nf3 Nd7 42. e5 dxe5 43. Nxe5 Nc5 44. Ke2 f6 45. Nf3 Bf7 46. Ne4 Bc4+
47. Ke3 Nba4 48. Bd6 Nxe4 49. Bxe7 Nexc3 50. Bxf6 Nd5+ 51. Kd4 Nac3 52. Bg5
Ne2+ 53. Kc5 Nef4 54. Be4 Ne6+ 55. Kd6 Nxg5 56. Nxg5 Nf6 57. Bf3 Kg7 58. Kc5 h6
59. Ne4 Nxe4+ 60. Bxe4 Kf6 61. g3 g5 62. h4 Ke5 63. hxg5 hxg5 64. Bc6 Kf5 65.
Bd7+ Ke4 66. g4 Kf4 67. Bc8 Ke4 68. Bf5+ Ke3 69. Bd7 Kd3 70. Kb4 Kd4 71. Bc8
Bd3 72. Bd7 Be2 73. Bc8 Kd5 74. Bd7 Kd6 75. Bf5 Bc4 76. Bc8 Be2 77. Bf5 Ke5 78.
Bd7 Kf4 79. Kc5 Kg3 80. Kb4 Kh4 81. Kc5 Kh3 82. Kb4 Kg3 83. Kc5 Kf4 84. Kb4
Bxg4 85. Bxb5 Ke3 86. Kc3 Bf5 0-1

[Event "XXXIV Moglianoscacchi A"]
[Site "Mogliano Veneto ITA"]
[Date "2013.04.26"]
[Round "3"]
[White "Lodici, Lorenzo"]
[Black "Barp, Alberto"]
[WhiteElo "2051"]
[BlackElo "1911"]
[Result "1-0"]
[PlyCount "35"]
[EventDate "2013.04.25"]

1. d4 d5 2. c4 c6 3. Nc3 Nf6 4. Nf3 a6 5. c5 g6 6. h3 Bg7 7. Bf4 O-O 8. e3 Re8
9. Be2 Nbd7 10. O-O Nh5 11. Bh2 Nhf6 12. Qc2 b6 13. cxb6 Nxb6 14. Ne5 Bb7 15.
Na4 Nfd7 16. Nxb6 Nxe5 17. Nxa8 Bxa8 18. Bxe5 1-0

[Event "XXXIV Moglianoscacchi A"]
[Site "Mogliano Veneto ITA"]
[Date "2013.04.26"]
[Round "3"]
[White "Roberti, Ignazio"]
[Black "Dorigo, Tommaso"]
[WhiteElo "1902"]
[BlackElo "1982"]
[Result "0-1"]
[PlyCount "78"]
[EventDate "2013.04.25"]

1. Nf3 d5 2. c4 c6 3. Nc3 Nf6 4. d4 dxc4 5. a4 Bf5 6. e3 e6 7. Bxc4 Bb4 8. O-O
O-O 9. Nh4 Bg6 10. Nxg6 hxg6 11. Qb3 Qe7 12. f3 c5 13. Ne4 cxd4 14. exd4 Nc6
15. Be3 Na5 16. Qd3 Nxc4 17. Qxc4 Nd5 18. Qb3 Rac8 19. Rac1 b6 20. Bd2 Bxd2 21.
Nxd2 Rxc1 22. Rxc1 Qg5 23. Rc2 Rd8 24. Ne4 Qh4 25. g3 Qe7 26. Nf2 Kh7 27. Ng4
Nf6 28. Ne5 Rxd4 29. Rc8 Nd5 30. f4 f6 31. Nf3 Re4 32. Qc2 Qb4 33. Kf2 Qxa4 34.
b3 Qb4 35. Nd2 Qd4+ 36. Kf3 Re3+ 37. Kg4 Re2 38. Qc6 Rxh2 39. Qxe6 f5+ 0-1

[Event "XXXIV Moglianoscacchi A"]
[Site "Mogliano Veneto ITA"]
[Date "2013.04.26"]
[Round "3"]
[White "Santolini, Luigi"]
[Black "Coratella, Giuseppe"]
[WhiteElo "2142"]
[BlackElo "2230"]
[Result "0-1"]
[PlyCount "83"]
[EventDate "2013.04.25"]

1. e4 e6 2. d4 d5 3. exd5 exd5 4. Nf3 Nc6 5. Bd3 Bg4 6. c3 Bd6 7. O-O Nge7 8.
Bg5 f6 9. Bh4 Qd7 10. Nbd2 O-O-O 11. b4 Nf5 12. Bg3 Nxg3 13. fxg3 Ne7 14. Nb3
Nf5 15. Qb1 h5 16. Nc5 Bxc5 17. bxc5 Ne3 18. Re1 Rde8 19. c6 Qxc6 20. Bb5 Qxc3
21. Bxe8 Rxe8 22. Qb3 Qxb3 23. axb3 Re4 24. Rxa7 Nc2 25. Rc1 Re2 26. Ra8+ Kd7
27. Rg8 g6 28. Rg7+ Kd6 29. Rf7 f5 30. Ne5 Ne3 31. Nxg4 hxg4 32. Rfxc7 Rxg2+
33. Kh1 f4 34. Rxb7 f3 35. Rb6+ Kd7 36. Rcc6 Nf5 37. Rc1 Nxd4 38. Rd1 Rc2 39.
h3 Ne2 40. Rg1 Nxg1 41. Kxg1 gxh3 42. g4 0-1

[Event "XXXIV Moglianoscacchi A"]
[Site "Mogliano Veneto ITA"]
[Date "2013.04.26"]
[Round "3"]
[White "Sorbera, Giovanni"]
[Black "Xia, Jie"]
[WhiteElo "2168"]
[BlackElo "2275"]
[Result "1/2-1/2"]
[PlyCount "85"]
[EventDate "2013.04.25"]

1. e4 c5 2. Nf3 d6 3. Bb5+ Bd7 4. Bxd7+ Qxd7 5. c4 Nc6 6. O-O Nf6 7. Nc3 g6 8.
d4 cxd4 9. Nxd4 Bg7 10. f3 Nxe4 11. Nxe4 Nxd4 12. Be3 Nc6 13. Rb1 O-O 14. b4
Qe6 15. Qd5 Qxd5 16. cxd5 Nd4 17. Rfd1 Nc2 18. Bf2 Rfc8 19. Rb3 f5 20. Ng5 Rc4
21. a3 Nd4 22. Rbd3 Ne2+ 23. Kf1 Nf4 24. Re3 Bf6 25. Ne6 Nxe6 26. Rxe6 Rac8 27.
Bxa7 Ra8 28. Bb6 Rxa3 29. Bd8 Rxb4 30. Bxe7 Bxe7 31. Rxe7 Rab3 32. Rd7 Rb1 33.
Rxb1 Rxb1+ 34. Kf2 Rb6 35. f4 Ra6 36. Ke3 b5 37. Rb7 Ra5 38. g3 Ra3+ 39. Kd4
Ra4+ 40. Kc3 Rc4+ 41. Kd3 Rc5 42. Kd4 Rc4+ 43. Kd3 1/2-1/2

[Event "XXXIV Moglianoscacchi A"]
[Site "Mogliano Veneto ITA"]
[Date "2013.04.26"]
[Round "3"]
[White "Zamengo, Fulvio"]
[Black "Balzano, Filli"]
[WhiteElo "2099"]
[BlackElo "1944"]
[Result "1-0"]
[PlyCount "101"]
[EventDate "2013.04.25"]

1. e4 c6 2. d4 d5 3. Nc3 dxe4 4. Nxe4 Bf5 5. Ng3 Bg6 6. Bc4 e6 7. N1e2 Bd6 8.
O-O Ne7 9. Nf4 Qc7 10. Qf3 Nd5 11. Nfh5 O-O 12. Qe2 Nf4 13. Nxf4 Bxf4 14. c3
Bxc1 15. Raxc1 Nd7 16. f4 Nf6 17. Bb3 Rfe8 18. Qf2 Ne4 19. Nxe4 Bxe4 20. Rcd1
Rad8 21. Rfe1 Bg6 22. g4 h6 23. Re5 Qd7 24. Rde1 h5 25. h3 b6 26. Qe3 Kf8 27.
Qf3 Bh7 28. Rxh5 Bg8 29. Rhe5 f6 30. R5e3 Re7 31. Qe2 Rde8 32. Bc2 Bf7 33. Qf2
g6 34. Qh4 Kg7 35. Kf2 Rh8 36. Qg3 Qd6 37. f5 e5 38. fxg6 Bc4 39. g5 fxg5 40.
Rxe5 Rf8+ 41. Kg1 Rxe5 42. Qxe5+ Qxe5 43. Rxe5 Rf1+ 44. Kg2 Rc1 45. Be4 Rd1 46.
Re7+ Kf8 47. Rxa7 Rd2+ 48. Kg3 Rxb2 49. g7+ Kg8 50. Kg4 Bxa2 51. Kh5 1-0

[Event "XXXIV Moglianoscacchi A"]
[Site "Mogliano Veneto ITA"]
[Date "2013.04.27"]
[Round "4"]
[White "Balzano, Filli"]
[Black "Klundt, Klaus"]
[WhiteElo "1944"]
[BlackElo "2351"]
[Result "0-1"]
[PlyCount "132"]
[EventDate "2013.04.25"]

1. e4 Nf6 2. e5 Nd5 3. d4 d6 4. Nf3 Bg4 5. Be2 e6 6. O-O Be7 7. c4 Nb6 8. Nc3
O-O 9. exd6 cxd6 10. Be3 d5 11. cxd5 Nxd5 12. Ne5 Bxe2 13. Qxe2 Nxc3 14. bxc3
Nd7 15. Nxd7 Qxd7 16. Rab1 Rac8 17. Qb5 Qxb5 18. Rxb5 b6 19. Bd2 Rc4 20. Ra1
Ra4 21. Kf1 Rb8 22. Ke2 a6 23. Rb3 b5 24. Kd3 Rc8 25. Be1 Bd6 26. f3 e5 27. Bg3
Rd8 28. dxe5 Bxe5+ 29. Kc2 Bf6 30. a3 Rc4 31. Be1 h5 32. Rd1 Re8 33. Kd3 Rc6
34. Bf2 Rd6+ 35. Bd4 Bxd4 36. cxd4 Rxd4+ 37. Kxd4 Rd8+ 38. Kc5 Rxd1 39. Rb2 Rd3
40. Ra2 h4 41. f4 Kh7 42. Kb6 Rd6+ 43. Ka5 Kg6 44. a4 bxa4 45. Kxa4 Kf5 46. Ka5
Rf6 47. g3 Kg4 48. Ra3 Kh3 49. Rc3 Kxh2 50. gxh4 Rxf4 51. Kxa6 Rxh4 52. Rc2+
Kg3 53. Rc3+ Kf4 54. Rc7 f5 55. Rxg7 Kf3 56. Kb5 Rd4 57. Kc5 Rd1 58. Rf7 f4 59.
Kc4 Ke3 60. Re7+ Kf2 61. Kc3 f3 62. Kc2 Rd8 63. Rf7 Ke2 64. Re7+ Kf1 65. Rf7 f2
66. Kc3 Rg8 0-1

[Event "XXXIV Moglianoscacchi A"]
[Site "Mogliano Veneto ITA"]
[Date "2013.04.27"]
[Round "4"]
[White "Barp, Alberto"]
[Black "Danieli, Enrico"]
[WhiteElo "1911"]
[BlackElo "2129"]
[Result "1-0"]
[PlyCount "81"]
[EventDate "2013.04.25"]

1. d4 d5 2. c4 Nc6 3. Nc3 e6 4. Nf3 Nf6 5. a3 Be7 6. c5 O-O 7. Bf4 Nh5 8. e3
Nxf4 9. exf4 f6 10. Be2 a5 11. Rb1 Kh8 12. b4 axb4 13. axb4 b6 14. O-O bxc5 15.
bxc5 Bd7 16. Qc2 Be8 17. Bd3 Bh5 18. Bb5 Na7 19. Be2 Qd7 20. Rb7 Bxf3 21. Bxf3
Nc6 22. Qd2 Rfb8 23. Rfb1 Qc8 24. R7b5 Rxb5 25. Nxb5 Rb8 26. Be2 Na7 27. Qa2
Nxb5 28. Rxb5 Rxb5 29. Bxb5 f5 30. Qa5 Qb8 31. Qa6 g6 32. h3 Bf6 33. Qxe6 Bxd4
34. Bc6 Qb1+ 35. Kh2 Qe4 36. Qc8+ Kg7 37. Qxc7+ Kh6 38. Qd6 Bxf2 39. Bxd5 Qb1
40. Qf8+ Kh5 41. Bf3+ 1-0

[Event "XXXIV Moglianoscacchi A"]
[Site "Mogliano Veneto ITA"]
[Date "2013.04.27"]
[Round "4"]
[White "Boraso, Alessio"]
[Black "Capaliku, Aleks"]
[WhiteElo "2085"]
[BlackElo "2157"]
[Result "1-0"]
[PlyCount "131"]
[EventDate "2013.04.25"]

1. d4 d5 2. c4 e6 3. Nc3 Nf6 4. cxd5 exd5 5. Bg5 c6 6. e3 Bb4 7. Bd3 Qa5 8.
Nge2 Ne4 9. Bxe4 dxe4 10. Bh4 Bg4 11. Qc2 O-O 12. O-O Bxe2 13. Nxe2 Re8 14. f3
Bd2 15. fxe4 Bxe3+ 16. Kh1 Bh6 17. Rf5 Qc7 18. Raf1 Rf8 19. e5 Na6 20. Rh5 Nb4
21. Qb3 Nd5 22. Rf3 Kh8 23. Rxh6 f6 24. exf6 gxh6 25. Bg3 Qf7 26. Be5 Rae8 27.
Rg3 Nxf6 28. Nf4 Qxb3 29. Rxb3 Rxe5 30. dxe5 Nd5 31. g3 b6 32. Nxd5 cxd5 33.
Rd3 Rf2 34. Rxd5 Rxb2 35. Rd8+ Kg7 36. Rd7+ Kg6 37. Rxa7 Rb5 38. e6 Re5 39. e7
Kf7 40. e8=Q+ Kxe8 41. Rxh7 Re1+ 42. Kg2 Re2+ 43. Kh3 Rxa2 44. Rxh6 b5 45. Kg4
Kd7 46. h4 Kc7 47. Rf6 Ra8 48. Rf3 Kd6 49. h5 b4 50. h6 Rb8 51. Rb3 Kc5 52. Kh4
Kc4 53. Rb1 Rb6 54. Kg5 Rb5+ 55. Kg4 Kc3 56. h7 Rb8 57. Kf5 b3 58. g4 Kc2 59.
Rxb3 Kxb3 60. g5 Kc4 61. g6 Rf8+ 62. Ke6 Rh8 63. Kf7 Ra8 64. g7 Ra7+ 65. Kf6
Ra6+ 66. Kg5 1-0